Loading...
| Fine Arts - Classical Music | 0 | 3 | 0 | 0 | 30 | 23 | 53.33 | 2 | 3 |
| History - World History | 0 | 3 | 0 | 0 | 30 | 54 | 56.67 | 1 | 2 |
| Literature - American Literature | 0 | 2 | 0 | 0 | 20 | 75 | 82.00 | 0 | 1 |
| Fine Arts - Visual Fine Arts | 0 | 2 | 0 | 1 | 20 | 63 | 88.50 | 0 | 1 |
| History - European History | 0 | 2 | 0 | 0 | 20 | 94 | 95.00 | 1 | 1 |
| Literature - British Literature | 0 | 2 | 0 | 0 | 20 | 63 | 71.50 | 1 | 2 |
| Literature - World/Other Literature | 0 | 2 | 0 | 0 | 20 | 80 | 86.00 | 0 | 0 |
| Science - Other Science | 0 | 2 | 0 | 0 | 20 | 46 | 55.50 | 1 | 2 |
| Fine Arts - Other Fine Arts | 0 | 1 | 0 | 0 | 10 | 98 | 98.00 | 0 | 0 |
| Social Science | 0 | 1 | 0 | 0 | 10 | 49 | 49.00 | 0 | 1 |
| Philosophy | 0 | 1 | 0 | 0 | 10 | 63 | 63.00 | 0 | 1 |
| Geography/Current Events | 0 | 1 | 1 | 0 | 5 | 75 | 75.00 | 0 | 0 |
| Literature - European Literature | 0 | 1 | 1 | 0 | 5 | 92 | 92.00 | 0 | 1 |
| History - American History | 0 | 0 | 1 | 0 | -5 | 0.00 | 0 | 0 | |
| Science - Biology | 0 | 0 | 1 | 0 | -5 | 0.00 | 0 | 0 |